[Event "IND-chT 42nd"]
[Site "Pollachi"]
[Date "2023.02.11"]
[Round "2.2"]
[White "Aravindh, Chithambaram VR"]
[Black "Lakshmi, Narayanan MV"]
[Result "1-0"]
[WhiteElo "2613"]
[BlackElo "2138"]
[PlyCount "61"]
[EventDate "2023.02.10"]
[EventType "team-swiss"]
[EventRounds "9"]
[EventCountry "IND"]
[SourceTitle "CBM 212 Extra"]
[Source "ChessBase"]
[SourceDate "2023.03.31"]
[SourceVersion "1"]
[SourceVersionDate "2023.03.31"]
[SourceQuality "1"]
[WhiteTeam "AAI"]
[BlackTeam "Tamil Nadu III"]
[WhiteTeamCountry "IND"]
[BlackTeamCountry "IND"]

1. d4 Nf6 2. Nf3 d5 3. c4 c6 4. Nc3 e6 5. e3 Nbd7 6. Qc2 Be7 7. b3 0-0 8. Be2 Bb4 9. 0-0 Qe7 10. Bb2 b6 11. Bd3 Bb7 12. e4 dxe4 13. Nxe4 Nxe4 14. Bxe4 f5 15. Bd3 c5 16. d5 exd5 17. a3 d4 18. axb4 Bxf3 19. gxf3 Ne5 20. Qe2 Qg5+ 21. Kh1 Rae8 22. Rg1 Qh4 23. Rg2 Re7 24. Rag1 Nc6 25. Qd1 Nxb4 26. Bc1 Nxd3 27. Qxd3 h6 28. Qf1 Qh5 29. Rg3 f4 30. Rh3 Qf5 31. Rxh6 1-0

[Event "Madurai Athens of the East op 2nd"]
[Site "Madurai"]
[Date "2022.06.29"]
[Round "3"]
[White "Lakshmi, Narayanan MV"]
[Black "Fedorov, Alexei"]
[Result "0-1"]
[WhiteElo "2209"]
[BlackElo "2523"]
[PlyCount "78"]
[EventDate "2022.06.28"]
[EventType "swiss"]
[EventRounds "10"]
[EventCountry "IND"]
[SourceTitle "EXT 2023"]
[Source "ChessBase"]
[SourceDate "2022.10.05"]
[SourceVersion "1"]
[SourceVersionDate "2022.10.05"]
[SourceQuality "1"]

1. e4 c5 2. Nf3 Nc6 3. d4 cxd4 4. Nxd4 Qb6 5. Nb3 Nf6 6. Nc3 e6 7. Be3 Qc7 8. a3 a6 9. f4 d6 10. Bd3 b5 11. 0-0 Be7 12. Kh1 Bb7 13. a4 b4 14. Nb1 e5 15. N1d2 d5 16. f5 0-0 17. Qe2 Rfe8 18. exd5 Nd4 19. Nxd4 exd4 20. Bf4 Bd6 21. Qf2 Bxd5 22. Qxd4 Qc6 23. Bxd6 Bxg2+ 24. Kg1 Bxf1 25. Bxf1 Rad8 26. Nc4 Re4 27. Qf2 Rxd6 28. Nxd6 Qxd6 29. Re1 Rf4 30. Qe3 h6 31. Qe5 Qb6+ 32. Qe3 Qc7 33. Bh3 Ng4 34. Qe8+ Kh7 35. Re2 Qc5+ 36. Kg2 Qd5+ 37. Kg1 Qd1+ 38. Re1 Qd4+ 39. Kh1 Nf2+ 0-1

[Event "Chennai op 12th"]
[Site "Chennai"]
[Date "2020.01.19"]
[Round "3"]
[White "Lakshmi, Narayanan MV"]
[Black "Mitrabha, Guha"]
[Result "1-0"]
[WhiteElo "2162"]
[BlackElo "2448"]
[PlyCount "81"]
[EventDate "2020.01.18"]
[EventType "swiss"]
[EventRounds "10"]
[EventCountry "IND"]
[SourceTitle "CBM 194 Extra"]
[Source "ChessBase"]
[SourceDate "2020.03.31"]
[SourceVersion "1"]
[SourceVersionDate "2020.03.31"]
[SourceQuality "1"]

1. e4 c6 2. d4 d5 3. Nd2 dxe4 4. Nxe4 Nf6 5. Nxf6+ exf6 6. c3 Bd6 7. Bd3 0-0 8. Ne2 Re8 9. Qc2 h5 10. Be3 Nd7 11. 0-0-0 Nf8 12. Kb1 Be6 13. c4 Rc8 14. Nc3 Bb4 15. Ne4 Qa5 16. b3 Rcd8 17. h3 h4 18. g4 b5 19. c5 Bd5 20. Rhg1 Ne6 21. g5 fxg5 22. Nxg5 Qc7 23. Nxe6 Rxe6 24. Qe2 g6 25. Qg4 Qd7 26. Qxh4 Rde8 27. Bg5 Bf3 28. Bf6 Rxf6 29. Qxf6 Bh5 30. d5 cxd5 31. Qh4 Bxd1 32. Bxg6 Bg4 33. Rxg4 Kf8 34. Rxb4 fxg6 35. Qf6+ Qf7 36. Qxf7+ Kxf7 37. Rxb5 Re1+ 38. Kc2 Re2+ 39. Kd3 Rxa2 40. c6 Ke6 41. Rc5 1-0

[Event "Penang op 11th"]
[Site "Penang"]
[Date "2019.12.12"]
[Round "6"]
[White "Villamayor, Buenaventura"]
[Black "Lakshmi, Narayanan MV"]
[Result "1-0"]
[WhiteElo "2372"]
[BlackElo "2160"]
[PlyCount "113"]
[EventDate "2019.12.09"]
[EventType "swiss"]
[EventRounds "9"]
[EventCountry "MAS"]
[SourceTitle "CBM 193 Extra"]
[Source "ChessBase"]
[SourceDate "2020.01.31"]
[SourceVersion "1"]
[SourceVersionDate "2020.01.31"]
[SourceQuality "1"]

1. c4 e5 2. e3 Nf6 3. Nc3 Bb4 4. Qc2 0-0 5. a3 Be7 6. Nf3 d6 7. Be2 c6 8. d4 Nbd7 9. 0-0 Re8 10. Rd1 Qc7 11. b4 Bf8 12. Bb2 g6 13. dxe5 Nxe5 14. Ne4 Nxe4 15. Qxe4 Bf5 16. Qh4 Bg7 17. Nd4 Bc8 18. Rd2 a5 19. b5 Nd7 20. Rad1 Nc5 21. Bf3 Bd7 22. Ne2 Bxb2 23. Rxb2 Be6 24. Qf4 cxb5 25. cxb5 Rad8 26. h4 Qe7 27. Nc3 Rd7 28. Rbd2 Red8 29. Nd5 Bxd5 30. Rxd5 Ne6 31. Qa4 b6 32. R5d2 Nc5 33. Qc4 Qe5 34. Bc6 Re7 35. g3 Kg7 36. Rd5 Qf6 37. R5d4 Re5 38. Bd5 Rd7 39. Qe2 Rd8 40. Qg4 h5 41. Qe2 Re7 42. Qc4 Re5 43. Kg2 Rd7 44. e4 Re8 45. Bc6 Red8 46. Bxd7 Rxd7 47. Rd5 Qe6 48. Qc3+ Kh7 49. e5 dxe5 50. Rxd7 Nxd7 51. Qc6 Nc5 52. Qxe6 Nxe6 53. Rd6 Nd4 54. Rxb6 a4 55. Rb7 Kg7 56. b6 Kf8 57. Rc7 1-0

[Event "Penang op 11th"]
[Site "Penang"]
[Date "2019.12.10"]
[Round "2"]
[White "Chan, Sheng Yip"]
[Black "Lakshmi, Narayanan MV"]
[Result "1-0"]
[WhiteElo "1931"]
[BlackElo "2160"]
[PlyCount "121"]
[EventDate "2019.12.09"]
[EventType "swiss"]
[EventRounds "9"]
[EventCountry "MAS"]
[SourceTitle "CBM 193 Extra"]
[Source "ChessBase"]
[SourceDate "2020.01.31"]
[SourceVersion "1"]
[SourceVersionDate "2020.01.31"]
[SourceQuality "1"]

1. e4 c5 2. Nf3 d6 3. d4 cxd4 4. Nxd4 Nf6 5. Nc3 Nc6 6. Bg5 Bd7 7. Qd2 Nxd4 8. Qxd4 Qa5 9. f4 Rc8 10. 0-0-0 h6 11. Bxf6 gxf6 12. Kb1 Rg8 13. g3 f5 14. Bg2 b5 15. e5 e6 16. Rhe1 Rc4 17. Qd2 Kd8 18. exd6 Bg7 19. Ne2 b4 20. Nc1 Qb6 21. Nb3 a5 22. Qe3 Qxe3 23. Rxe3 a4 24. Na5 Rc8 25. a3 bxa3 26. Rxa3 Ke8 27. Bf1 Bf6 28. Nc4 Rb8 29. Ne5 Bxe5 30. fxe5 Rg4 31. Re1 Rgb4 32. Ra2 Bc6 33. c3 Rb3 34. Kc2 R3b7 35. Bc4 Kd7 36. Re2 Be4+ 37. Kc1 Bc6 38. Rd2 f6 39. exf6 Rf8 40. Bf1 Rxf6 41. Bg2 Bxg2 42. Rxg2 e5 43. Rxa4 Rxd6 44. Re2 Ke6 45. Rh4 Rh7 46. g4 fxg4 47. Rxg4 Kf5 48. Rge4 Re7 49. b4 Rd3 50. Kc2 Rh3 51. Kb3 Kf6 52. b5 Rc7 53. Rc4 Rxc4 54. Kxc4 Ke6 55. Kb4 Kd6 56. Rd2+ Kc7 57. c4 Rh4 58. Kc5 e4 59. b6+ Kb7 60. Rd7+ Kb8 61. Kc6 1-0

[Event "Johor op 6th"]
[Site "Johor"]
[Date "2019.12.06"]
[Round "7"]
[White "Lakshmi, Narayanan MV"]
[Black "Wahono, Awam"]
[Result "1/2-1/2"]
[WhiteElo "2160"]
[BlackElo "2313"]
[PlyCount "57"]
[EventDate "2019.12.02"]
[EventType "swiss"]
[EventRounds "9"]
[EventCountry "MAS"]
[SourceTitle "CBM 193 Extra"]
[Source "ChessBase"]
[SourceDate "2020.01.31"]
[SourceVersion "1"]
[SourceVersionDate "2020.01.31"]
[SourceQuality "1"]

1. d4 d6 2. e4 Nf6 3. Nc3 g6 4. Nf3 Bg7 5. Be2 0-0 6. 0-0 c6 7. h3 b5 8. e5 Nfd7 9. Bf4 dxe5 10. Nxe5 b4 11. Ne4 Nxe5 12. Bxe5 Bxe5 13. dxe5 Qd5 14. Qxd5 cxd5 15. Nc5 Bf5 16. g4 Rc8 17. Na6 Be6 18. Nxb8 Raxb8 19. Bd3 h5 20. f3 hxg4 21. hxg4 Kg7 22. Kf2 Bd7 23. Ke3 Bb5 24. Rh1 Bxd3 25. Kxd3 a5 26. Rh2 f6 27. Rah1 Kf8 28. g5 Ke8 29. Rh4 1/2-1/2

[Event "Johor op 6th"]
[Site "Johor"]
[Date "2019.12.05"]
[Round "6"]
[White "Mushini, Ajay"]
[Black "Lakshmi, Narayanan MV"]
[Result "0-1"]
[WhiteElo "1933"]
[BlackElo "2160"]
[PlyCount "82"]
[EventDate "2019.12.02"]
[EventType "swiss"]
[EventRounds "9"]
[EventCountry "MAS"]
[SourceTitle "CBM 193 Extra"]
[Source "ChessBase"]
[SourceDate "2020.01.31"]
[SourceVersion "1"]
[SourceVersionDate "2020.01.31"]
[SourceQuality "1"]

1. e4 c5 2. Nf3 d6 3. d4 cxd4 4. Nxd4 Nf6 5. Nc3 Nc6 6. Bg5 Bd7 7. Be2 Qa5 8. Bxf6 gxf6 9. Nb3 Qg5 10. g3 f5 11. f4 Qg7 12. exf5 Bxf5 13. g4 Bd7 14. Qd2 0-0-0 15. 0-0-0 e6 16. Nb5 d5 17. N3d4 Nxd4 18. Nxd4 Kb8 19. Kb1 Be7 20. g5 h6 21. h4 hxg5 22. hxg5 Rxh1 23. Rxh1 Rh8 24. Rxh8+ Qxh8 25. a3 Bd6 26. Nf3 Bc6 27. Ka2 Bc7 28. Nd4 Bd7 29. Bb5 Bc8 30. c3 a6 31. Ba4 Ka8 32. Bc2 Qh4 33. Ne2 Qf2 34. Bd3 Bd7 35. Qd1 Bxf4 36. Nxf4 Qxf4 37. Qh5 e5 38. Qh8+ Ka7 39. Qf8 Qxg5 40. Qc5+ Kb8 41. Qf8+ Kc7 0-1

[Event "Gujarat op 2nd"]
[Site "Ahmedabad"]
[Date "2019.09.28"]
[Round "9"]
[White "Vlassov, Nikolai"]
[Black "Lakshmi, Narayanan MV"]
[Result "0-1"]
[WhiteElo "2384"]
[BlackElo "2188"]
[PlyCount "122"]
[EventDate "2019.09.22"]
[EventType "swiss"]
[EventRounds "10"]
[EventCountry "IND"]
[SourceTitle "EXT 2020"]
[Source "ChessBase"]
[SourceDate "2019.10.17"]
[SourceVersion "1"]
[SourceVersionDate "2019.10.17"]
[SourceQuality "1"]

1. e4 e5 2. Bc4 Nf6 3. d3 c6 4. Nf3 d5 5. Bb3 Bg4 6. h3 Bxf3 7. Qxf3 dxe4 8. dxe4 Nbd7 9. Nc3 Bc5 10. g4 h6 11. h4 Nf8 12. Bd2 Qd7 13. Rg1 Ne6 14. 0-0-0 Nd4 15. Qg3 Qe7 16. g5 Nxe4 17. Qg2 Nxd2 18. Rxd2 0-0-0 19. Ne4 hxg5 20. hxg5 f5 21. gxf6 gxf6 22. Bc4 f5 23. Ng5 Bb4 24. Rdd1 Qc5 25. Qf1 b5 26. c3 Qxc4 27. Qxc4 bxc4 28. cxd4 Rxd4 29. Nf7 Re8 30. Rg5 Rf4 31. a3 Bc5 32. Nd6+ Bxd6 33. Rxd6 Kc7 34. Rf6 Rxf2 35. Rgxf5 Rxf5 36. Rxf5 Kd6 37. Kd2 Rb8 38. Kc2 Rb7 39. Rf8 Re7 40. Kc3 Rb7 41. Rd8+ Kc5 42. Re8 Rb3+ 43. Kc2 Re3 44. Kd2 Rd3+ 45. Kc2 Kd4 46. Rd8+ Ke3 47. Ra8 Rd7 48. Kc3 e4 49. Rc8 Kf2 50. Rxc6 e3 51. Rf6+ Ke1 52. Kxc4 Kd2 53. b4 e2 54. Re6 Rd3 55. Rxe2+ Kxe2 56. a4 Ke3 57. a5 Ke4 58. b5 Rd1 59. Kc5 Rc1+ 60. Kd6 Ra1 61. a6 Rc1 0-1

[Event "Gujarat op 2nd"]
[Site "Ahmedabad"]
[Date "2019.09.25"]
[Round "6"]
[White "Lakshmi, Narayanan MV"]
[Black "Chaitanya, Sairam Mogili"]
[Result "1/2-1/2"]
[WhiteElo "2188"]
[BlackElo "1908"]
[PlyCount "50"]
[EventDate "2019.09.22"]
[EventType "swiss"]
[EventRounds "10"]
[EventCountry "IND"]
[SourceTitle "EXT 2020"]
[Source "ChessBase"]
[SourceDate "2019.10.17"]
[SourceVersion "1"]
[SourceVersionDate "2019.10.17"]
[SourceQuality "1"]

1. d4 Nf6 2. c4 c5 3. e3 g6 4. Nc3 Bg7 5. Nf3 0-0 6. Be2 cxd4 7. exd4 d5 8. 0-0 Nc6 9. h3 dxc4 10. Bxc4 b6 11. Re1 Bb7 12. a3 Rc8 13. Ba2 Re8 14. Bxf7+ Kxf7 15. Ng5+ Kg8 16. Qb3+ Nd5 17. Nxd5 e6 18. Rxe6 Rxe6 19. Nxe6 Na5 20. Nxd8 Nxb3 21. Nxb7 Re8 22. Rb1 Re1+ 23. Kh2 Bxd4 24. Nc3 Rxc1 25. Rxc1 Nxc1 1/2-1/2

[Event "Abu Dhabi op 23rd"]
[Site "Abu Dhabi"]
[Date "2016.08.24"]
[Round "5"]
[White "Lakshmi, Narayanan MV"]
[Black "Pranavananda, V."]
[Result "1-0"]
[WhiteElo "2155"]
[BlackElo "2271"]
[PlyCount "79"]
[EventDate "2016.08.21"]
[EventType "swiss"]
[EventRounds "9"]
[EventCountry "UAE"]
[SourceTitle "CBM 174 Extra"]
[Source "ChessBase"]
[SourceDate "2016.10.10"]
[SourceVersion "1"]
[SourceVersionDate "2016.10.10"]
[SourceQuality "1"]

1. d4 b6 2. e4 Bb7 3. Nd2 e6 4. Ngf3 c5 5. c3 Nf6 6. Bd3 Nc6 7. a3 d5 8. e5 Nd7 9. 0-0 Be7 10. Re1 g5 11. h3 h5 12. b4 Qc7 13. Nf1 Rg8 14. Be3 c4 15. Bc2 0-0-0 16. Qd2 g4 17. hxg4 hxg4 18. N3h2 f5 19. exf6 Bd6 20. Bg5 g3 21. fxg3 Rdf8 22. Rxe6 Nd8 23. Re7 Nf7 24. Bh4 Bxe7 25. fxe7 Re8 26. Ne3 Nd6 27. Nf5 Ne4 28. Bxe4 dxe4 29. Qh6 Kb8 30. Nd6 Qc6 31. b5 Qd5 32. Nxe8 Rxe8 33. Qg6 Qg8 34. Qd6+ Kc8 35. Rf1 Qd5 36. Qg6 Qg8 37. Qxg8 Rxg8 38. Ng4 Kc7 39. Ne3 Nb8 40. Rf8 1-0

[Event "Mumbai Mayors Cup 8th"]
[Site "Mumbai"]
[Date "2015.06.03"]
[Round "3"]
[White "Swapnil, S Dhopade"]
[Black "Lakshmi, Narayanan MV"]
[Result "1/2-1/2"]
[WhiteElo "2453"]
[BlackElo "2193"]
[PlyCount "111"]
[EventDate "2015.06.02"]
[EventType "swiss"]
[EventRounds "10"]
[EventCountry "IND"]
[SourceTitle "CBM 166 Extra"]
[Source "ChessBase"]
[SourceDate "2015.06.18"]
[SourceVersion "1"]
[SourceVersionDate "2015.06.18"]
[SourceQuality "1"]

1. d4 Nf6 2. c4 e6 3. Nf3 b6 4. g3 Bb7 5. Bg2 Be7 6. 0-0 0-0 7. Re1 d6 8. Nc3 c5 9. d5 exd5 10. cxd5 a6 11. e4 b5 12. e5 dxe5 13. Nxe5 Bd6 14. Bg5 Bxe5 15. Rxe5 Nbd7 16. Re1 h6 17. Be3 Re8 18. Qd2 Qa5 19. a3 c4 20. Bd4 Rad8 21. Rxe8+ Rxe8 22. Re1 Qd8 23. Rxe8+ Qxe8 24. h3 Qa8 25. Qf4 Ne8 26. h4 Ndf6 27. Qe5 Qd8 28. Bf3 Nd7 29. Qe3 Nd6 30. Qf4 Ne8 31. Kf1 Ndf6 32. Qe5 Nd7 33. Qe3 Nd6 34. Qf4 Ne8 35. Ke2 Ndf6 36. Qe5 Nd7 37. Qe3 Nd6 38. Qf4 Qe7+ 39. Kd2 a5 40. Ne4 Ne8 41. Nc3 b4 42. axb4 axb4 43. Nb5 Nc5 44. Qe5 Nb3+ 45. Ke3 Qd7 46. Nd6 Nxd4 47. Nxe8 Nf5+ 48. Kf4 Kf8 49. Qxf5 Qxf5+ 50. Kxf5 Kxe8 51. Ke5 c3 52. bxc3 bxc3 53. Bd1 Ke7 54. Ba4 f6+ 55. Kd4 Kd6 56. Kxc3 1/2-1/2

[Event "New Delhi Parsvnath op 13th"]
[Site "New Delhi"]
[Date "2015.01.15"]
[Round "9"]
[White "Lakshmi, Narayanan MV"]
[Black "Shyam, Nikil P"]
[Result "0-1"]
[WhiteElo "2215"]
[BlackElo "2455"]
[PlyCount "76"]
[EventDate "2015.01.09"]
[EventType "tourn"]
[EventRounds "10"]
[EventCountry "IND"]
[SourceTitle "CBM 164 Extra"]
[Source "ChessBase"]
[SourceDate "2015.03.02"]
[SourceVersion "1"]
[SourceVersionDate "2015.03.02"]
[SourceQuality "1"]

1. d4 Nf6 2. c4 c5 3. d5 b5 4. cxb5 a6 5. b6 d6 6. Nc3 Nbd7 7. e4 g6 8. Nf3 Bg7 9. Be2 0-0 10. 0-0 Ne8 11. Bf4 Nxb6 12. Qd2 Nc7 13. Bh6 Bg4 14. Bxg7 Kxg7 15. b3 Bd7 16. Rfe1 f6 17. Rab1 a5 18. a3 e5 19. dxe6 Bxe6 20. Red1 d5 21. exd5 Ncxd5 22. Bc4 Nxc4 23. bxc4 Nxc3 24. Qxc3 Rb8 25. h3 Bf5 26. Rbc1 Qc7 27. Rd5 a4 28. Rcd1 Rb3 29. Qc1 Re8 30. Nh4 Bc8 31. Nf3 Re2 32. Nh2 h5 33. Nf1 Be6 34. Rd6 Qe7 35. Qf4 g5 36. Qc1 Bc8 37. Ne3 Rbxe3 38. fxe3 Qe4 0-1

[Event "New Delhi Parsvnath op 13th"]
[Site "New Delhi"]
[Date "2015.01.12"]
[Round "5"]
[White "Jayakumaar, S."]
[Black "Lakshmi, Narayanan MV"]
[Result "0-1"]
[WhiteElo "2053"]
[BlackElo "2215"]
[PlyCount "77"]
[EventDate "2015.01.09"]
[EventType "tourn"]
[EventRounds "10"]
[EventCountry "IND"]
[SourceTitle "CBM 164 Extra"]
[Source "ChessBase"]
[SourceDate "2015.03.02"]
[SourceVersion "1"]
[SourceVersionDate "2015.03.02"]
[SourceQuality "1"]

1. e4 c5 2. Nc3 a6 3. g3 b5 4. Bg2 Bb7 5. a3 e6 6. d3 Nf6 7. Nge2 d5 8. Bg5 d4 9. Nb1 Nbd7 10. 0-0 h6 11. Bxf6 Nxf6 12. h3 Be7 13. f4 0-0 14. g4 Nd7 15. Ng3 e5 16. f5 c4 17. Nd2 c3 18. bxc3 dxc3 19. Nf3 a5 20. Ne2 b4 21. Rb1 Bc6 22. axb4 axb4 23. Kh2 Ra2 24. Nc1 Ra3 25. Kg3 Qc7 26. h4 Nf6 27. Ne1 Rd8 28. Qe2 Nh7 29. Nf3 Rb8 30. Rh1 f6 31. Kh3 Bd8 32. d4 exd4 33. Nxd4 Nf8 34. Nd3 Be8 35. Nf3 Bb5 36. Rhd1 b3 37. Nfe1 b2 38. g5 fxg5 39. e5 0-1

[Event "New Delhi Parsvnath op 13th"]
[Site "New Delhi"]
[Date "2015.01.11"]
[Round "4"]
[White "Lakshmi, Narayanan MV"]
[Black "Kumar, Gaurav"]
[Result "0-1"]
[WhiteElo "2215"]
[BlackElo "1986"]
[PlyCount "60"]
[EventDate "2015.01.09"]
[EventType "tourn"]
[EventRounds "10"]
[EventCountry "IND"]
[SourceTitle "CBM 164 Extra"]
[Source "ChessBase"]
[SourceDate "2015.03.02"]
[SourceVersion "1"]
[SourceVersionDate "2015.03.02"]
[SourceQuality "1"]

1. d4 Nf6 2. c4 e6 3. Nf3 d5 4. Nc3 Be7 5. Bf4 0-0 6. e3 Nbd7 7. Rc1 c6 8. c5 b6 9. b4 a5 10. b5 Bb7 11. bxc6 Bxc6 12. cxb6 Bb4 13. Nd2 Nxb6 14. Bd3 Nc4 15. 0-0 Nb2 16. Qe2 Nxd3 17. Qxd3 a4 18. Nf3 Qa5 19. Rfd1 Rfc8 20. a3 Bxa3 21. Nxd5 Nxd5 22. Qxa3 Nxf4 23. exf4 Bxf3 24. Qxf3 Rxc1 25. Rxc1 a3 26. g3 a2 27. Ra1 Rb8 28. Qd3 Rb2 29. Qc4 Rb1+ 30. Kg2 Qa8+ 0-1

[Event "Bhubaneswar op 6th"]
[Site "Bhubaneswar"]
[Date "2014.05.24"]
[Round "1"]
[White "Lakshmi, Narayanan MV"]
[Black "Oral, Tomas"]
[Result "0-1"]
[WhiteElo "2156"]
[BlackElo "2512"]
[PlyCount "60"]
[EventDate "2014.05.24"]
[EventType "swiss"]
[EventRounds "10"]
[EventCountry "IND"]
[SourceTitle "EXT 2015"]
[Source "ChessBase"]
[SourceDate "2014.11.20"]
[SourceVersion "1"]
[SourceVersionDate "2014.11.20"]
[SourceQuality "1"]

1. d4 Nf6 2. c4 e6 3. Nf3 b6 4. a3 Bb7 5. Nc3 d5 6. cxd5 Nxd5 7. e3 Nxc3 8. bxc3 g6 9. Bb5+ c6 10. Bd3 Bg7 11. h4 0-0 12. h5 c5 13. hxg6 hxg6 14. 0-0 Nc6 15. Qe2 e5 16. dxe5 Na5 17. e4 Nb3 18. Bg5 Qc8 19. Bc4 Nxa1 20. Be7 Qg4 21. Bxf8 Rxf8 22. Rxa1 Bxe4 23. Ne1 Qxe2 24. Bxe2 Bd5 25. Rd1 Bc6 26. Rd6 Rc8 27. Ba6 Rc7 28. Nd3 b5 29. Nxc5 Bf8 30. Rd8 Kg7 0-1

[Event "Odisha Keshabananda Memorial 2nd"]
[Site "Odisha"]
[Date "2013.08.19"]
[Round "2"]
[White "Anwesh, Upadhyaya"]
[Black "Lakshmi, Narayanan MV"]
[Result "1-0"]
[WhiteElo "2351"]
[BlackElo "2117"]
[PlyCount "93"]
[EventDate "2013.08.18"]
[EventType "swiss"]
[EventRounds "7"]
[EventCountry "IND"]
[SourceTitle "CBM 156 Extra"]
[Source "ChessBase"]
[SourceDate "2013.10.22"]
[SourceVersion "1"]
[SourceVersionDate "2013.10.22"]
[SourceQuality "1"]

1. d4 Nf6 2. c4 c5 3. d5 e5 4. Nc3 d6 5. e4 Be7 6. g3 0-0 7. Bg2 Ne8 8. Nge2 Bg5 9. f4 Bf6 10. 0-0 Nd7 11. Be3 Nc7 12. Qd3 Re8 13. h3 a6 14. a4 Rb8 15. Kh2 Nf8 16. Rab1 a5 17. f5 b6 18. Ng1 Bg5 19. Bf2 Na6 20. h4 Bh6 21. Nh3 Nb4 22. Qe2 Ba6 23. b3 Nd7 24. Rg1 Rb7 25. Rbf1 Kh8 26. Be1 Nf6 27. g4 Be3 28. Rh1 Bf4+ 29. Kg1 Rbe7 30. g5 Nd7 31. Nxf4 exf4 32. Rxf4 f6 33. Bg3 Ne5 34. Rf1 Nbd3 35. Rd1 Nb4 36. Bf4 Qd7 37. Rh3 Rf8 38. Rg3 Qe8 39. Kh1 Rd7 40. Rg1 Bc8 41. Bf1 fxg5 42. hxg5 Ng6 43. Bc1 Ne5 44. g6 h6 45. Qh5 Rf6 46. Bxh6 gxh6 47. g7+ 1-0

[Event "IND-chT 33rd"]
[Site "Hyderabad"]
[Date "2013.02.24"]
[Round "6.5"]
[White "Babu, N Sudhakar"]
[Black "Lakshmi, Narayanan MV"]
[Result "1-0"]
[WhiteElo "2233"]
[BlackElo "2153"]
[PlyCount "95"]
[EventDate "2013.02.20"]
[EventType "team-swiss"]
[EventRounds "9"]
[EventCountry "IND"]
[SourceTitle "CBM 153 Extra"]
[Source "ChessBase"]
[SourceDate "2013.04.22"]
[SourceVersion "1"]
[SourceVersionDate "2013.04.22"]
[SourceQuality "1"]
[WhiteTeam "Indian Bank"]
[BlackTeam "Tamil Nadu"]
[WhiteTeamCountry "IND"]
[BlackTeamCountry "IND"]

1. d4 Nf6 2. c4 c5 3. d5 d6 4. Nc3 e5 5. e4 g6 6. Bd3 Bg7 7. Nge2 0-0 8. f3 Nh5 9. Be3 f5 10. Qd2 f4 11. Bf2 Nd7 12. Kd1 Rf7 13. Kc2 Nf8 14. a3 g5 15. g4 fxg3 16. hxg3 Rxf3 17. Ng1 Rxf2 18. Qxf2 Nf6 19. Nf3 h6 20. Nd2 Bd7 21. Nd1 Ng4 22. Qe2 Nh7 23. Nf1 Nhf6 24. Nfe3 Qe7 25. Rf1 a6 26. Nf5 Qf8 27. Nc3 Rb8 28. Rae1 Kh7 29. a4 b6 30. Kb1 Kg6 31. b3 Rd8 32. Rf3 Bc8 33. Qc2 Qe8 34. Bf1 Bf8 35. Bh3 h5 36. Ref1 Bxf5 37. exf5+ Kf7 38. Bxg4 hxg4 39. R3f2 e4 40. Re2 e3 41. Rfe1 Kg7 42. Rxe3 Qh5 43. Ne4 Nd7 44. R3e2 Re8 45. Rh2 Qf7 46. Rf1 Be7 47. f6+ Nxf6 48. Nxf6 1-0

[Event "IND-chT 33rd"]
[Site "Hyderabad"]
[Date "2013.02.23"]
[Round "5.5"]
[White "Lakshmi, Narayanan MV"]
[Black "Sagar, Shah"]
[Result "1/2-1/2"]
[WhiteElo "2153"]
[BlackElo "2371"]
[PlyCount "42"]
[EventDate "2013.02.20"]
[EventType "team-swiss"]
[EventRounds "9"]
[EventCountry "IND"]
[SourceTitle "CBM 153 Extra"]
[Source "ChessBase"]
[SourceDate "2013.04.22"]
[SourceVersion "1"]
[SourceVersionDate "2013.04.22"]
[SourceQuality "1"]
[WhiteTeam "Tamil Nadu"]
[BlackTeam "Maharashtra CA"]
[WhiteTeamCountry "IND"]
[BlackTeamCountry "IND"]

1. d4 g6 2. Nf3 Bg7 3. c4 c5 4. d5 b5 5. e4 d6 6. cxb5 a6 7. Nc3 Nf6 8. a4 0-0 9. h3 Nbd7 10. Be2 axb5 11. Bxb5 Qa5 12. 0-0 Ba6 13. Ra3 Bxb5 14. axb5 Qb4 15. Rb3 Qc4 16. Re1 Nb6 17. Qc2 Nfd7 18. Nd2 Qd4 19. Nf3 Qc4 20. Nd2 Qd4 21. Nf3 Qc4 1/2-1/2

[Event "Commonwealth-ch"]
[Site "Chennai"]
[Date "2012.11.28"]
[Round "8"]
[White "Lakshmi, Narayanan MV"]
[Black "Mohota, Nisha"]
[Result "1/2-1/2"]
[WhiteElo "2107"]
[BlackElo "2342"]
[PlyCount "106"]
[EventDate "2012.11.23"]
[EventType "swiss"]
[EventRounds "11"]
[EventCountry "IND"]
[SourceTitle "CBM 151 Extra"]
[Source "ChessBase"]
[SourceDate "2012.12.18"]
[SourceVersion "1"]
[SourceVersionDate "2012.12.18"]
[SourceQuality "1"]

1. d4 Nf6 2. Nf3 g6 3. c4 Bg7 4. g3 0-0 5. Bg2 d6 6. Nc3 Nbd7 7. 0-0 e5 8. Qc2 Re8 9. Rd1 c6 10. dxe5 dxe5 11. Nd2 Qe7 12. Nde4 Nxe4 13. Nxe4 Nc5 14. Nxc5 Qxc5 15. Be3 Qe7 16. Rd2 Bf5 17. Qa4 e4 18. Rad1 c5 19. h4 b6 20. Bg5 Qf8 21. Bf4 Bd4 22. e3 Bf6 23. Qc2 Qg7 24. Kh2 h6 25. Bh3 Bxh3 26. Kxh3 g5 27. hxg5 hxg5 28. Bd6 Qh7+ 29. Kg2 Qf5 30. Rg1 Qf3+ 31. Kf1 Kg7 32. g4 Rh8 33. Qd1 Qxd1+ 34. Rxd1 Bxb2 35. Ke2 Kg6 36. Bc7 Rac8 37. Rd7 Rhe8 38. Rgd1 Re6 39. a4 Bf6 40. R1d5 a6 41. Kd2 Kg7 42. Kc2 Rh8 43. Bg3 Rh1 44. Ra7 Kg6 45. Rxa6 Ra1 46. a5 bxa5 47. Rxe6 fxe6 48. Rxc5 a4 49. Ra5 Ra2+ 50. Kb1 Ra1+ 51. Kc2 Ra2+ 52. Kb1 Ra1+ 53. Kc2 Ra2+ 1/2-1/2

[Event "IND-chT 32nd"]
[Site "Panaji"]
[Date "2012.02.28"]
[Round "3"]
[White "Lakshmi, Narayanan MV"]
[Black "Ratnakaran, Kantoli"]
[Result "0-1"]
[WhiteElo "2137"]
[BlackElo "2403"]
[PlyCount "70"]
[EventDate "2012.02.27"]
[EventType "team-swiss"]
[EventRounds "9"]
[EventCountry "IND"]
[SourceTitle "CBM 147 Extra"]
[Source "ChessBase"]
[SourceDate "2012.04.24"]
[SourceVersion "1"]
[SourceVersionDate "2012.04.24"]
[SourceQuality "1"]
[WhiteTeam "Tamil Nadu State"]
[BlackTeam "Railway Sports II"]
[WhiteTeamCountry "IND"]
[BlackTeamCountry "IND"]

1. d4 Nf6 2. g3 g6 3. Bg2 Bg7 4. c4 0-0 5. Nf3 d6 6. 0-0 Nbd7 7. Nc3 e5 8. b3 Re8 9. Qc2 c6 10. Rd1 a6 11. dxe5 dxe5 12. Bg5 Qc7 13. Rac1 Nc5 14. Nd2 Ne6 15. Bxf6 Bxf6 16. Nde4 Be7 17. e3 f5 18. Nd2 e4 19. Qb1 Nc5 20. Bf1 Rd8 21. b4 Nd3 22. Bxd3 Rxd3 23. c5 Be6 24. Nb3 Rxd1+ 25. Rxd1 Bf7 26. Na4 h5 27. Nb6 Rd8 28. Rxd8+ Qxd8 29. Qc2 Bf6 30. Na5 Qd3 31. Qxd3 exd3 32. Kf1 Bxa2 33. Na4 Bb1 34. Nc4 Bc2 35. Ncb2 d2 0-1